UM Logo

Law on mental health ok'd/ (Record no. 14064)

MARC details
000 -LEADER
fixed length control field 00356nam a2200121 4500
008 - FIXED-LENGTH DATA ELEMENTS--GENERAL INFORMATION
fixed length control field 190731b ||||| |||| 00| 0 eng d
100 ## - MAIN ENTRY--PERSONAL NAME
9 (RLIN) 39069
Personal name Llemit, Ralph Lawrence G.
245 ## - TITLE STATEMENT
Title Law on mental health ok'd/
Statement of responsibility, etc. Ralph Lawrence G. Llemit
260 ## - PUBLICATION, DISTRIBUTION, ETC. (IMPRINT)
Place of publication, distribution, etc. Davao City:
Name of publisher, distributor, etc. Sun Star Davao;
Date of publication, distribution, etc. c2019.
300 ## - PHYSICAL DESCRIPTION
Extent page 3.
650 #0 - SUBJECT ADDED ENTRY--TOPICAL TERM
9 (RLIN) 39070
Topical term or geographic name as entry element Law.
942 ## - ADDED ENTRY ELEMENTS (KOHA)
Source of classification or shelving scheme Dewey Decimal Classification
Koha item type Periodicals
Holdings
Withdrawn status Lost status Source of classification or shelving scheme Damaged status Not for loan Collection code Home library Current library Date acquired Total Checkouts Date last seen Price effective from Koha item type Public note
    Dewey Decimal Classification     Periodicals UM Digos College - LIC UM Digos College - LIC 07/31/2019   07/31/2019 07/31/2019 Periodicals Newspaper Clippings